| 000 | 00392nam a2200169#a 4500 | ||
|---|---|---|---|
| 001 | 01364 | ||
| 003 | HDC | ||
| 007 | ta | ||
| 008 | 230623s2023 xx 000 0 eng d | ||
| 040 | _aHDC | ||
| 050 |
_aref SF748 _b.M294 1991 |
||
| 245 | 0 |
_a Manual veterinar / _cJabatan Perkhidmatan Haiwan Negeri Terengganu |
|
| 942 | _2lcc | ||
| 942 | _cBK | ||
| 942 | _kref SF748 | ||
| 942 | _m.M294 1991 | ||
| 999 |
_c22930 _d22930 |
||